|
|
|
|
| LEADER |
00000ny a22000003n 4500 |
| 005 |
20110513121247.0 |
| 008 |
101119c20069999bl zr pss 0 a0por d |
| 022 |
|
|
|a 1676-8558
|
| 035 |
|
|
|a 5029
|
| 040 |
|
|
|a BUS
|d vLex
|
| 090 |
|
|
|c 1868
|d 1868
|
| 245 |
3 |
0 |
|a Revista Direito e Justiȧ
|h [Recurso electrn̤ico]
|
| 256 |
|
|
|a Servicio en ln̕ea
|
| 260 |
|
|
|a Brasil :
|b Universidade Regional Integrada do Alto Uruguai e das MissaÌoes
|
| 310 |
|
|
|a Anual /Irregular
|
| 506 |
1 |
|
|a Contenido solo disponible en los productos indicados
|d vLex Global
|d vLex Global (Academic Edition, excluding Law Schools)
|d vLex Global (U.S. Academic Edition, Law Schools)
|d vLex Global (U.S. Academic Edition, excluding Law Schools)
|d vLex Global (Academic Edition, Law Schools)
|
| 650 |
0 |
4 |
|a Jurisprudencia
|x Publicaciones perid̤icas
|
| 740 |
0 |
|
|a vLex Revista (Servicios en ln̕ea)
|
| 843 |
|
|
|a Electrn̤ica. Abierta
|
| 853 |
|
|
|8 1
|i (year)
|j (month)
|k (day)
|
| 856 |
4 |
|
|u http://vlex.com/source/5029
|z Acceso restringido
|
| 942 |
|
|
|c REV
|